| 000 | 01783nam a2200481 i 4500 | ||
|---|---|---|---|
| 001 | 51341 | ||
| 003 | KOSZ 005 | ||
| 005 | 20210311111613.0 | ||
| 008 | 060602s2005 pl a f f |000 0 pol | ||
| 020 | _a8374139072 | ||
| 040 |
_aWA N _cWA N _dKOSZ 005/HR |
||
| 046 | _k2005 | ||
| 080 | _a696 | ||
| 080 | _a614.84 | ||
| 080 | _a006.3/.8(438) | ||
| 100 | 1 |
_aLenartowicz, Radosław _eAutor |
|
| 245 | 1 | 0 |
_aProjektowanie i montaż instalacji oraz urządzeń elektrycznych w podłożu i na podłożu palnym / _cInstytut Techniki Budowlanej ; [aut.: Radosław Lenartowicz, Iwonna Wybrańska]. |
| 260 |
_aWarszawa : _bInstytut Techniki Budowlanej, _c2005. |
||
| 300 |
_a85, [3] s. : _bil. ; _c24 cm. |
||
| 336 |
_2rdacontent _aTekst _btxt |
||
| 337 |
_2rdamedia _aBez urządzenia pośredniczącego _bn |
||
| 338 |
_2rdacarrier _aWolumin _bnc |
||
| 380 | _aDruki ulotne | ||
| 380 | _aPublikacje fachowe | ||
| 388 | _a2001- | ||
| 490 | 1 |
_aInstrukcje, Wytyczne, Poradniki / Instytut Techniki Budowlanej ; _v412/2005. |
|
| 504 | _aBibliogr. s. 84-85. | ||
| 650 | 4 | _aBudownictwo | |
| 650 | 4 | _aBezpieczeństwo | |
| 650 | 4 | _aInstalacje elektryczne | |
| 650 | 4 | _aProjektowanie | |
| 650 | 4 | _aZabezpieczenia elektryczne | |
| 650 | 4 | _aPożarnictwo | |
| 655 | 4 | _aInstrukcja | |
| 658 | _aInżynieria i technika | ||
| 658 | _aArchitektura i budownictwo | ||
| 650 | 4 | _aMontaż | |
| 700 | 1 |
_aWybrańska, Iwonna _eAutor |
|
| 710 | 2 |
_aInstytut Techniki Budowlanej _4pbl. |
|
| 830 | 0 |
_aInstrukcje, Wytyczne, Poradniki - Instytut Techniki Budowlanej _v412/2005 |
|
| 856 |
_uhttp://koha.tu.koszalin.pl/cgi-bin/koha/opac-detail.pl?biblionumber=51341 _yKatalog online BPK |
||
| 942 |
_2UKD _cKS |
||
| 999 |
_c51341 _d51341 |
||